Catálogo

Humano, demasiado humano / (Registro nro. 41834)

Detalles MARC
000 -LEADER
fixed length control field 01260cam a2200361 i 4500
001 - CONTROL NUMBER
control field 41834
003 - CONTROL NUMBER IDENTIFIER
control field Mx-PuUPA
005 - DATE AND TIME OF LATEST TRANSACTION
control field 20250618114542.0
008 - FIXED-LENGTH DATA ELEMENTS--GENERAL INFORMATION
fixed length control field 140415s2002 sp gr 001 0 spa d
017 ## - COPYRIGHT OR LEGAL DEPOSIT NUMBER
Copyright or legal deposit number M. 17523-2002
020 ## - INTERNATIONAL STANDARD BOOK NUMBER
International Standard Book Number 8495311968
040 ## - CATALOGING SOURCE
Transcribing agency Mx-PuUPA
Original cataloging agency Mx-PuUPA
Language of cataloging spa
Modifying agency Mx-PuUPA
Description conventions rda
041 1# - LANGUAGE CODE
Language code of text/sound track or separate title spa
Language code of original ger
100 1# - MAIN ENTRY--PERSONAL NAME
Personal name Nietzsche, Friedrich Wilhelm,
Dates associated with a name 1844-1900
9 (RLIN) 7860
Relator term autor
240 10 - UNIFORM TITLE
Uniform title Menschliches, Allzumenschliches.
Language of a work Español
245 1# - TITLE STATEMENT
Title Humano, demasiado humano /
Statement of responsibility, etc. Friedich Nietzsche ; traducción, Julio Loya
264 #1 - PRODUCTION, PUBLICATION, DISTRIBUTION, MANUFACTURE, AND COPYRIGHT NOTICE
Place of production, publication, distribution, manufacture Madrid, España :
Name of producer, publisher, distributor, manufacturer Jorge A. Mestas, Ediciones Escolares,
Date of production, publication, distribution, manufacture, or copyright notice 2002
300 ## - PHYSICAL DESCRIPTION
Extent 347 páginas;
Dimensions 19 cm
336 ## - CONTENT TYPE
Fuente rdacontent
Content type term texto
Content type code txt
337 ## - MEDIA TYPE
Source rdamedia
Media type term sin medio
Media type code n
338 ## - CARRIER TYPE
Source rdacarrier
Carrier type term volumen
Carrier type code nc
490 0# - SERIES STATEMENT
Series statement Clásicos Universales ;
Volume/sequential designation 86
600 14 - SUBJECT ADDED ENTRY--PERSONAL NAME
Personal name Nietzche, Friedrich Wilhelm
Chronological subdivision 1844-1900
650 #7 - SUBJECT ADDED ENTRY--TOPICAL TERM
Source of heading or term armarc
Topical term or geographic name entry element Seres humanos
650 #7 - SUBJECT ADDED ENTRY--TOPICAL TERM
Source of heading or term armarc
Topical term or geographic name entry element Hombre
650 #7 - SUBJECT ADDED ENTRY--TOPICAL TERM
Source of heading or term armarc
Topical term or geographic name entry element Filosofía
General subdivision Historia
700 1# - ADDED ENTRY--PERSONAL NAME
Personal name Loya, Julio,
Relator term traductor
765 0# - ORIGINAL LANGUAGE ENTRY
Main entry heading Nietzche, Friedrich
Title Menschliches, Allzumenschliches
Place, publisher, and date of publication 1878
942 ## - ADDED ENTRY ELEMENTS (KOHA)
Source of classification or shelving scheme Dewey Decimal Classification
Koha item type Libro
Classification part 128
Item part N6618
Existencias
Withdrawn status Lost status Source of classification or shelving scheme Damaged status Not for loan Collection code Home library Current library Shelving location Date acquired Source of acquisition Cost, normal purchase price Total Checkouts Full call number Barcode Date last seen Cost, replacement price Price effective from Koha item type
    Dewey Decimal Classification     General Biblioteca Karol Wojtyla Biblioteca Karol Wojtyla Sala general 03/12/2013 Donación 0.00   128 N6618 2002 63078 05/01/2026 0.00 03/12/2013 Libro